CS2 Teams - Statistiken

Allgemein
  • Dieses Quiz wurde 122 mal gespielt
  • Das Durchschnittsergebnis liegt bei 12 aus 16
Antwortstatistiken
Bildquiz Antwort % Korrekt
FaZe Clan
97%
G2 Esports
92%
Team Vitality
92%
Astralis
88%
Monte
88%
Fnatic
85%
Ninjas in Pyjamas
84%
Heroic
78%
GamerLegion
77%
ENCE
75%
Team Falcons
73%
Eternal Fire
68%
Apeks
62%
Into The Breach
54%
Reason Gaming
52%
GODSENT
51%
Keine übereinstimmenden Quizze gefunden
Verteilung der Resultate
Anzahl Personen mit jedem Resultat
Perzentil nach korrekt beantworteten Fragen
Ihre Resultats-Entwicklung
Sie haben dieses Quiz noch nicht gespielt